[Event "ECF Women's Norm Tournament"]
[Site "London"]
[Date "2022.04.10"]
[Round "8.3"]
[White "Zhu, Yaoyao"]
[Black "Vine, Elzbieta"]
[Result "0-1"]
[WhiteElo "1880"]
[BlackElo "2138"]
[PlyCount "44"]
[EventDate "2022.04.07"]
[EventType "tourn"]
[EventRounds "9"]
[EventCountry "ENG"]
[SourceTitle "The Week in Chess 1431"]
[Source "Mark Crowther"]
[SourceDate "2022.04.11"]
[SourceVersion "1"]
[SourceVersionDate "2022.04.11"]
[SourceQuality "2"]

1. e4 c5 2. Nc3 Nc6 3. Bb5 a6 4. Bxc6 dxc6 5. d3 e5 6. Nge2 Bd6 7. O-O Bg4 8.
f3 Be6 9. f4 Qc7 10. Be3 Nf6 11. h3 O-O-O 12. Na4 exf4 13. Nxf4 h5 14. Qe1 Ng4
15. Nxc5 g5 16. Ncxe6 fxe6 17. Nxe6 Qe7 18. Nxg5 Nxe3 19. Nf7 Nxf1 20. Nxh8 Ne3
21. Ng6 Qg5 22. Qe2 Bc5 0-1

[Event "ECF Women's Norm Tournament"]
[Site "London"]
[Date "2022.04.10"]
[Round "8.4"]
[White "Bhatia, Kanwal K"]
[Black "Longson, Sarah N"]
[Result "0-1"]
[WhiteElo "2018"]
[BlackElo "2019"]
[PlyCount "72"]
[EventDate "2022.04.07"]
[EventType "tourn"]
[EventRounds "9"]
[EventCountry "ENG"]
[SourceTitle "The Week in Chess 1431"]
[Source "Mark Crowther"]
[SourceDate "2022.04.11"]
[SourceVersion "1"]
[SourceVersionDate "2022.04.11"]
[SourceQuality "2"]

1. e4 e5 2. Nf3 Nc6 3. Bc4 Nf6 4. Ng5 d5 5. exd5 Na5 6. Bb5+ c6 7. dxc6 bxc6 8.
Bd3 Nd5 9. Nf3 Bd6 10. O-O O-O 11. Re1 f5 12. Nxe5 Qf6 13. Nf3 g5 14. Nc3 g4
15. Nxd5 cxd5 16. Be2 gxf3 17. Bxf3 Be6 18. d4 Nc6 19. c3 Bf7 20. Qd3 Ne7 21.
b3 Rac8 22. Bd2 Ng6 23. Be2 Kh8 24. Qh3 Rg8 25. Qh6 Bf8 26. Bg5 Qd6 27. Qh3 Be7
28. Bxe7 Nxe7 29. Bf1 Qf6 30. Re5 Rg5 31. Rae1 Ng6 32. R5e3 Nf4 33. Qf3 Nxg2
34. Bxg2 Rcg8 35. Re5 Bh5 36. Qh3 Qg6 0-1

[Event "ECF Women's Norm Tournament"]
[Site "London"]
[Date "2022.04.10"]
[Round "8.5"]
[White "Jackson, Sheila"]
[Black "Zaksaite, Salomeja"]
[Result "1/2-1/2"]
[WhiteElo "2096"]
[BlackElo "2246"]
[PlyCount "45"]
[EventDate "2022.04.07"]
[EventType "tourn"]
[EventRounds "9"]
[EventCountry "ENG"]
[SourceTitle "The Week in Chess 1431"]
[Source "Mark Crowther"]
[SourceDate "2022.04.11"]
[SourceVersion "1"]
[SourceVersionDate "2022.04.11"]
[SourceQuality "2"]

1. e4 c5 2. Nf3 e6 3. d4 cxd4 4. Nxd4 Nf6 5. Nc3 Nc6 6. Ndb5 d6 7. Bf4 e5 8.
Bg5 a6 9. Na3 b5 10. Bxf6 gxf6 11. Nd5 Bg7 12. Bd3 Ne7 13. Nxe7 Qxe7 14. c4 O-O
15. O-O f5 16. f3 bxc4 17. Nxc4 d5 18. exd5 e4 19. Be2 Qc5+ 20. Kh1 Rd8 21. d6
Be6 22. Rc1 Rab8 23. b3 1/2-1/2

[Event "ECF Women's Norm Tournament"]
[Site "London"]
[Date "2022.04.11"]
[Round "9.1"]
[White "Zaksaite, Salomeja"]
[Black "Yao, Lan"]
[Result "1/2-1/2"]
[WhiteElo "2246"]
[BlackElo "2260"]
[PlyCount "20"]
[EventDate "2022.04.07"]
[EventType "tourn"]
[EventRounds "9"]
[EventCountry "ENG"]
[SourceTitle "The Week in Chess 1431"]
[Source "Mark Crowther"]
[SourceDate "2022.04.11"]
[SourceVersion "1"]
[SourceVersionDate "2022.04.11"]
[SourceQuality "2"]

1. e4 c5 2. Nf3 e6 3. g3 Nc6 4. Bg2 Nf6 5. Qe2 d6 6. c3 Be7 7. O-O O-O 8. d4
cxd4 9. cxd4 d5 10. e5 Ne4 1/2-1/2

[Event "ECF Women's Norm Tournament"]
[Site "London"]
[Date "2022.04.11"]
[Round "9.2"]
[White "Longson, Sarah N"]
[Black "Jackson, Sheila"]
[Result "1/2-1/2"]
[WhiteElo "2019"]
[BlackElo "2096"]
[PlyCount "77"]
[EventDate "2022.04.07"]
[EventType "tourn"]
[EventRounds "9"]
[EventCountry "ENG"]
[SourceTitle "The Week in Chess 1431"]
[Source "Mark Crowther"]
[SourceDate "2022.04.11"]
[SourceVersion "1"]
[SourceVersionDate "2022.04.11"]
[SourceQuality "2"]

1. e4 c5 2. Nc3 Nc6 3. g3 g6 4. Bg2 Bg7 5. d3 e6 6. Be3 d6 7. Qd2 h6 8. Nf3 Nd4
9. O-O Ne7 10. Nd1 Nxf3+ 11. Bxf3 Nc6 12. c3 e5 13. Bg2 h5 14. f4 h4 15. f5
hxg3 16. hxg3 Bd7 17. fxg6 fxg6 18. Bg5 Ne7 19. Ne3 Be6 20. d4 cxd4 21. cxd4
Qd7 22. d5 Bh3 23. Rac1 Bxg2 24. Qxg2 Rh5 25. Bf6 Bh6 26. Rf3 Bxe3+ 27. Rxe3
Rc8 28. Rxc8+ Qxc8 29. Rc3 Qg4 30. Qf3 Qxf3 31. Rxf3 Rh7 32. Ra3 Nc8 33. g4 Rc7
34. Rb3 Nb6 35. Kg2 Nd7 36. Bg5 Rc2+ 37. Kf3 Nc5 38. Rb4 b6 39. Be3 1/2-1/2

[Event "ECF Women's Norm Tournament"]
[Site "London"]
[Date "2022.04.11"]
[Round "9.3"]
[White "Vine, Elzbieta"]
[Black "Bhatia, Kanwal K"]
[Result "1/2-1/2"]
[WhiteElo "2138"]
[BlackElo "2018"]
[PlyCount "81"]
[EventDate "2022.04.07"]
[EventType "tourn"]
[EventRounds "9"]
[EventCountry "ENG"]
[SourceTitle "The Week in Chess 1431"]
[Source "Mark Crowther"]
[SourceDate "2022.04.11"]
[SourceVersion "1"]
[SourceVersionDate "2022.04.11"]
[SourceQuality "2"]

1. e4 e5 2. Nf3 Nc6 3. Bc4 Bc5 4. b4 Bb6 5. c3 Nf6 6. a4 a6 7. a5 Ba7 8. d4
Nxe4 9. O-O d5 10. b5 Ne7 11. Re1 axb5 12. Bxb5+ c6 13. Bd3 exd4 14. Ba3 dxc3
15. Bxe4 dxe4 16. Qa4 e3 17. fxe3 Nd5 18. Kh1 Bb8 19. e4 Nf4 20. Nxc3 Rxa5 21.
Qb3 c5 22. e5 O-O 23. Qc4 Ne6 24. Red1 Qe8 25. Ne4 b5 26. Qc1 b4 27. Bb2 Rxa1
28. Bxa1 Qc6 29. Qe3 Bb7 30. Ng3 c4 31. Nf5 Qc5 32. Bd4 Qb5 33. Ng5 c3 34. Ne7+
Kh8 35. Nxh7 Bxg2+ 36. Kxg2 Qb7+ 37. Kg1 Qxe7 38. Nxf8 Qxf8 39. Bxc3 bxc3 40.
Qxc3 g6 41. Rd7 1/2-1/2

[Event "ECF Women's Norm Tournament"]
[Site "London"]
[Date "2022.04.11"]
[Round "9.4"]
[White "Orlovska, Madara"]
[Black "Zhu, Yaoyao"]
[Result "1-0"]
[WhiteElo "2063"]
[BlackElo "1880"]
[PlyCount "65"]
[EventDate "2022.04.07"]
[EventType "tourn"]
[EventRounds "9"]
[EventCountry "ENG"]
[SourceTitle "The Week in Chess 1431"]
[Source "Mark Crowther"]
[SourceDate "2022.04.11"]
[SourceVersion "1"]
[SourceVersionDate "2022.04.11"]
[SourceQuality "2"]

1. d4 d5 2. Nc3 Nf6 3. Bf4 g6 4. Qd2 Bg7 5. f3 O-O 6. O-O-O c5 7. e3 Nc6 8. g4
a6 9. Kb1 b5 10. dxc5 e5 11. Bg5 Be6 12. Nce2 Qe7 13. Nc1 Qxc5 14. h4 e4 15.
Bxf6 Bxf6 16. g5 Bh8 17. Nb3 Qe7 18. Nd4 Ne5 19. f4 Nc4 20. Bxc4 dxc4 21. Nge2
Rfc8 22. c3 b4 23. h5 bxc3 24. Nxc3 Ra7 25. hxg6 fxg6 26. Ka1 Rd7 27. Qc2 Bg4
28. Rd2 Bxd4 29. exd4 e3 30. Rdh2 Rxd4 31. Qg2 Rcd8 32. Qxg4 e2 33. Rxe2 1-0

[Event "She Plays To Win 1st"]
[Site "London"]
[Date "2022.04.07"]
[Round "1.1"]
[White "Varney, Zoe"]
[Black "Mar, Karmen"]
[Result "1/2-1/2"]
[WhiteElo "1998"]
[BlackElo "2003"]
[PlyCount "57"]
[EventDate "2022.04.07"]
[EventType "tourn"]
[EventRounds "9"]
[EventCountry "ENG"]
[SourceTitle "The Week in Chess 1431"]
[Source "Mark Crowther"]
[SourceDate "2022.04.11"]
[SourceVersion "1"]
[SourceVersionDate "2022.04.11"]
[SourceQuality "2"]

1. e4 e5 2. Nf3 Nc6 3. Bc4 Bc5 4. c3 Nf6 5. d3 O-O 6. O-O d5 7. exd5 Nxd5 8.
Re1 Bg4 9. Nbd2 Nb6 10. h3 Bh5 11. Bb3 Qxd3 12. Nxe5 Qf5 13. Nef3 Rad8 14. Bc2
Bxf3 15. Nxf3 Rxd1 16. Bxf5 Rxe1+ 17. Nxe1 Re8 18. Bf4 g6 19. Bg4 Ne5 20. Bxe5
Rxe5 21. Bf3 Bf8 22. Nd3 Re8 23. Bxb7 Rd8 24. Rd1 Na4 25. Bf3 c5 26. Bc6 Nb6
27. Bf3 Na4 28. Bc6 Nb6 29. Bf3 1/2-1/2

[Event "She Plays To Win 1st"]
[Site "London"]
[Date "2022.04.07"]
[Round "1.2"]
[White "Kakulidis, Ellen"]
[Black "Vanduyfhuys, Daria"]
[Result "1/2-1/2"]
[WhiteElo "2107"]
[BlackElo "2080"]
[PlyCount "106"]
[EventDate "2022.04.07"]
[EventType "tourn"]
[EventRounds "9"]
[EventCountry "ENG"]
[SourceTitle "The Week in Chess 1431"]
[Source "Mark Crowther"]
[SourceDate "2022.04.11"]
[SourceVersion "1"]
[SourceVersionDate "2022.04.11"]
[SourceQuality "2"]

1. d4 d5 2. Nf3 Nf6 3. g3 e6 4. Bg2 Be7 5. O-O O-O 6. c4 dxc4 7. Qa4 Bd7 8.
Qxc4 Bc6 9. Bg5 Nbd7 10. Bxf6 Bxf6 11. Rd1 e5 12. dxe5 Nxe5 13. Qc2 Qe8 14. Nc3
Nxf3+ 15. Bxf3 Bxf3 16. exf3 Qc6 17. Qe4 Qxe4 18. Nxe4 Rad8 19. Nxf6+ gxf6 20.
Kf1 Rfe8 21. f4 Kf8 22. Rac1 c6 23. f3 Kg7 24. f5 Kf8 25. g4 Kg7 26. Kf2 Kf8
27. h4 Kg7 28. Rxd8 Rxd8 29. Rc2 Rd5 30. Ke3 Kf8 31. Rc4 c5 32. b4 cxb4 33.
Rxb4 b6 34. a4 Rc5 35. Rd4 Ke7 36. Kd3 Rc6 37. f4 Rc5 38. Ke4 Rc1 39. g5 Rh1
40. Rc4 Rxh4 41. gxf6+ Kxf6 42. Rc6+ Kg7 43. Rc7 a5 44. f6+ Kg6 45. Rc6 Rh1 46.
Rxb6 Ra1 47. f5+ Kg5 48. Ke5 Rxa4 49. Rb7 Ra1 50. Rxf7 Re1+ 51. Kd4 Kxf5 52.
Rxh7 Kxf6 53. Ra7 Rd1+ 1/2-1/2

[Event "She Plays To Win 1st"]
[Site "London"]
[Date "2022.04.07"]
[Round "1.3"]
[White "Van Foreest, Machteld"]
[Black "Head, Louise"]
[Result "1-0"]
[WhiteElo "2199"]
[BlackElo "2015"]
[PlyCount "53"]
[EventDate "2022.04.07"]
[EventType "tourn"]
[EventRounds "9"]
[EventCountry "ENG"]
[SourceTitle "The Week in Chess 1431"]
[Source "Mark Crowther"]
[SourceDate "2022.04.11"]
[SourceVersion "1"]
[SourceVersionDate "2022.04.11"]
[SourceQuality "2"]

1. e4 c6 2. d4 d5 3. e5 Bf5 4. h4 h5 5. Bd3 Bxd3 6. Qxd3 Qa5+ 7. Nd2 e6 8. Ngf3
Qa6 9. c4 dxc4 10. Nxc4 Nh6 11. O-O Nf5 12. Bg5 Be7 13. Bxe7 Kxe7 14. a4 Rd8
15. b4 b6 16. b5 Qb7 17. Ne3 g6 18. Nxf5+ gxf5 19. Qe3 a6 20. Qg5+ Ke8 21. Qg8+
Ke7 22. Qg7 Ke8 23. Rac1 cxb5 24. Ng5 Qe7 25. Nh7 Qxh4 26. Qf8+ Kd7 27. Qxf7+
1-0

[Event "She Plays To Win 1st"]
[Site "London"]
[Date "2022.04.07"]
[Round "1.4"]
[White "Goossens, Hanne"]
[Black "Schulze, Lara"]
[Result "1-0"]
[WhiteElo "2131"]
[BlackElo "2309"]
[PlyCount "81"]
[EventDate "2022.04.07"]
[EventType "tourn"]
[EventRounds "9"]
[EventCountry "ENG"]
[SourceTitle "The Week in Chess 1431"]
[Source "Mark Crowther"]
[SourceDate "2022.04.11"]
[SourceVersion "1"]
[SourceVersionDate "2022.04.11"]
[SourceQuality "2"]

1. d4 Nf6 2. Nc3 d5 3. Bf4 c5 4. e4 Nxe4 5. Nxe4 dxe4 6. dxc5 Qa5+ 7. c3 Qxc5
8. Qa4+ Nc6 9. Qxe4 Bf5 10. Qe3 e5 11. Nf3 O-O-O 12. Qxc5 Bxc5 13. Be3 Bxe3 14.
fxe3 f6 15. Be2 Be4 16. Kf2 Kc7 17. Rhd1 a6 18. a4 a5 19. Bb5 Kb6 20. Bc4 Kc5
21. b3 Ne7 22. Rac1 Bc6 23. Ne1 Be4 24. Nd3+ Bxd3 25. Bxd3 f5 26. e4 Rhf8 27.
Ke3 Rd6 28. b4+ Kb6 29. bxa5+ Kc7 30. Rb1 f4+ 31. Ke2 Rg6 32. Bb5 Nc6 33. Kf3
Ra8 34. Rd5 Re6 35. Rbd1 Re7 36. R1d2 g6 37. Kg4 h6 38. Rd6 Rg7 39. a6 Rd8 40.
Rxd8 Nxd8 41. a7 1-0

[Event "She Plays To Win 1st"]
[Site "London"]
[Date "2022.04.07"]
[Round "1.5"]
[White "Santeramo, Alessia Carmen"]
[Black "Karas, Eugenia"]
[Result "1-0"]
[WhiteElo "2160"]
[BlackElo "1920"]
[PlyCount "95"]
[EventDate "2022.04.07"]
[EventType "tourn"]
[EventRounds "9"]
[EventCountry "ENG"]
[SourceTitle "The Week in Chess 1431"]
[Source "Mark Crowther"]
[SourceDate "2022.04.11"]
[SourceVersion "1"]
[SourceVersionDate "2022.04.11"]
[SourceQuality "2"]

1. e4 e6 2. d4 d5 3. Nc3 Bb4 4. e5 Qd7 5. a3 Bxc3+ 6. bxc3 b6 7. Qg4 f5 8. Qg3
Ba6 9. Bxa6 Nxa6 10. a4 Nb8 11. Nf3 Nc6 12. O-O O-O-O 13. Ba3 Na5 14. Nd2 h6
15. Qd3 Qc6 16. Rfb1 Nc4 17. a5 Kd7 18. Nxc4 dxc4 19. Qe2 Ne7 20. Bxe7 Kxe7 21.
Rb4 b5 22. a6 Rb8 23. Qh5 Qe8 24. Qf3 c6 25. Qe3 Rb6 26. h4 Rg8 27. Rab1 Qd8
28. Rd1 Qd5 29. Ra1 Qd7 30. h5 Qd5 31. Rbb1 Rbb8 32. Qg3 Qe4 33. Re1 Qd5 34.
Qg6 Qd8 35. Qg3 Qd5 36. Re3 Rbf8 37. Qg6 Qd8 38. Rh3 Qe8 39. Qg3 g5 40. hxg6
Qxg6 41. Qf3 Qg4 42. Qxc6 Qxh3 43. Qb7+ Kd8 44. Qb8+ Ke7 45. Qxa7+ Kd8 46. Qa8+
Ke7 47. Qb7+ Kd8 48. a7 1-0

[Event "She Plays To Win 1st"]
[Site "London"]
[Date "2022.04.07"]
[Round "2.1"]
[White "Mar, Karmen"]
[Black "Karas, Eugenia"]
[Result "1/2-1/2"]
[WhiteElo "2003"]
[BlackElo "1920"]
[PlyCount "92"]
[EventDate "2022.04.07"]
[EventType "tourn"]
[EventRounds "9"]
[EventCountry "ENG"]
[SourceTitle "The Week in Chess 1431"]
[Source "Mark Crowther"]
[SourceDate "2022.04.11"]
[SourceVersion "1"]
[SourceVersionDate "2022.04.11"]
[SourceQuality "2"]

1. e4 e6 2. d4 d5 3. Nd2 c5 4. exd5 exd5 5. Ngf3 Nc6 6. Bb5 Bd6 7. dxc5 Bxc5 8.
O-O Nge7 9. Nb3 Bb6 10. Re1 O-O 11. Be3 Bg4 12. Bxb6 Qxb6 13. Bd3 h6 14. c3
Rad8 15. h3 Bh5 16. Re3 f5 17. Qe1 Rde8 18. Be2 Ng6 19. Rxe8 Rxe8 20. Qd2 Qd8
21. Rd1 Nge7 22. Nfd4 Bxe2 23. Nxe2 Ne5 24. Nf4 Nc4 25. Qc2 Qd6 26. Ne2 Nc6 27.
Ned4 g6 28. Nb5 Qe5 29. N3d4 Nxd4 30. Nxd4 Qe4 31. Qb3 b6 32. Nf3 Qe6 33. Qb5
Rd8 34. Re1 Qd7 35. Qb3 Re8 36. Rd1 Qe6 37. Qb5 Rd8 38. b3 Ne5 39. Nd4 Qc8 40.
c4 Qd7 41. cxd5 Qxd5 42. Qa4 Nc6 43. Nxc6 Qxd1+ 44. Kh2 Qd6+ 45. g3 Qc5 46.
Nxd8 Qxf2+ 1/2-1/2

[Event "She Plays To Win 1st"]
[Site "London"]
[Date "2022.04.07"]
[Round "2.2"]
[White "Schulze, Lara"]
[Black "Santeramo, Alessia Carmen"]
[Result "1-0"]
[WhiteElo "2309"]
[BlackElo "2160"]
[PlyCount "97"]
[EventDate "2022.04.07"]
[EventType "tourn"]
[EventRounds "9"]
[EventCountry "ENG"]
[SourceTitle "The Week in Chess 1431"]
[Source "Mark Crowther"]
[SourceDate "2022.04.11"]
[SourceVersion "1"]
[SourceVersionDate "2022.04.11"]
[SourceQuality "2"]

1. e4 e5 2. Nf3 Nc6 3. Nc3 Nf6 4. d4 exd4 5. Nxd4 Bb4 6. Nxc6 bxc6 7. Bd3 d5 8.
Bd2 O-O 9. O-O Bg4 10. f3 Bh5 11. e5 Nd7 12. g4 Bg6 13. f4 Bxd3 14. cxd3 Qe7
15. Re1 Rfe8 16. Kg2 Nf8 17. f5 Bxc3 18. bxc3 c5 19. Qf3 d4 20. c4 Rab8 21. Bf4
Rb2+ 22. Re2 Reb8 23. Rae1 Qd7 24. Kg3 Rxe2 25. Rxe2 h5 26. h3 Rd8 27. Qe4 Re8
28. gxh5 Nh7 29. e6 fxe6 30. fxe6 Qe7 31. Qg6 Nf8 32. Qf7+ Qxf7 33. exf7+ Kxf7
34. Rxe8 Kxe8 35. Bxc7 Kf7 36. Kg4 Kf6 37. Bd8+ Ke5 38. Be7 Ne6 39. a3 a6 40.
a4 a5 41. h4 Nc7 42. Bxc5 Na6 43. Bf8 Kf6 44. Kf4 Kf7 45. Bd6 Ke6 46. Ba3 Nb4
47. Ke4 Nc2 48. Bf8 Kf7 49. Bc5 1-0

[Event "She Plays To Win 1st"]
[Site "London"]
[Date "2022.04.07"]
[Round "2.3"]
[White "Head, Louise"]
[Black "Goossens, Hanne"]
[Result "1-0"]
[WhiteElo "2015"]
[BlackElo "2131"]
[PlyCount "69"]
[EventDate "2022.04.07"]
[EventType "tourn"]
[EventRounds "9"]
[EventCountry "ENG"]
[SourceTitle "The Week in Chess 1431"]
[Source "Mark Crowther"]
[SourceDate "2022.04.11"]
[SourceVersion "1"]
[SourceVersionDate "2022.04.11"]
[SourceQuality "2"]

1. d4 Nf6 2. c4 c5 3. d5 b5 4. cxb5 a6 5. b6 g6 6. Nc3 Bg7 7. e4 d6 8. Nf3 O-O
9. Be2 Bg4 10. Nd2 Bxe2 11. Qxe2 Qxb6 12. O-O Nbd7 13. a4 Rfb8 14. a5 Qd8 15.
Nc4 Ne8 16. Na4 Nc7 17. f4 Nb5 18. Nab6 Nxb6 19. Nxb6 Ra7 20. f5 Nd4 21. Qd3
Qe8 22. Ra3 Qb5 23. Nc4 Nb3 24. Bg5 Bd4+ 25. Kh1 f6 26. Bh6 Be5 27. Bf4 Nd4 28.
Bxe5 fxe5 29. fxg6 hxg6 30. Qg3 Kg7 31. Qf2 Qe8 32. Rh3 Qf8 33. Qe1 Qe8 34. Qe3
Kg8 35. Qh6 1-0

[Event "She Plays To Win 1st"]
[Site "London"]
[Date "2022.04.07"]
[Round "2.4"]
[White "Vanduyfhuys, Daria"]
[Black "Van Foreest, Machteld"]
[Result "0-1"]
[WhiteElo "2080"]
[BlackElo "2199"]
[PlyCount "86"]
[EventDate "2022.04.07"]
[EventType "tourn"]
[EventRounds "9"]
[EventCountry "ENG"]
[SourceTitle "The Week in Chess 1431"]
[Source "Mark Crowther"]
[SourceDate "2022.04.11"]
[SourceVersion "1"]
[SourceVersionDate "2022.04.11"]
[SourceQuality "2"]

1. d4 d5 2. c4 e6 3. Nf3 Nf6 4. Nc3 c5 5. cxd5 cxd4 6. Qxd4 exd5 7. Bg5 Be7 8.
e3 O-O 9. Be2 Be6 10. O-O Nc6 11. Qd3 Qd7 12. Rfd1 Rfd8 13. Nd4 Rac8 14. Rac1
h6 15. Bh4 a6 16. a3 Ne5 17. Qb1 Bg4 18. Bxg4 Qxg4 19. Bg3 Nc6 20. Nf5 Bf8 21.
Bh4 g5 22. Bg3 Ne4 23. Nxd5 Qxf5 24. Qxe4 Qxe4 25. Nf6+ Kg7 26. Nxe4 Kg6 27.
Kf1 Na5 28. Rxc8 Rxc8 29. Rd7 Rc4 30. Nd2 Rc2 31. b4 Nc6 32. Ke2 b5 33. Bd6 Bg7
34. Kd1 Ra2 35. Bc5 Be5 36. Nf3 Rxf2 37. Nxe5+ Nxe5 38. Rd6+ Rf6 39. Rd5 Nc4
40. a4 Nb2+ 41. Ke2 Nxa4 42. Bd4 Rc6 43. Rd8 f6 0-1

[Event "She Plays To Win 1st"]
[Site "London"]
[Date "2022.04.07"]
[Round "2.5"]
[White "Varney, Zoe"]
[Black "Kakulidis, Ellen"]
[Result "1/2-1/2"]
[WhiteElo "1998"]
[BlackElo "2107"]
[PlyCount "100"]
[EventDate "2022.04.07"]
[EventType "tourn"]
[EventRounds "9"]
[EventCountry "ENG"]
[SourceTitle "The Week in Chess 1431"]
[Source "Mark Crowther"]
[SourceDate "2022.04.11"]
[SourceVersion "1"]
[SourceVersionDate "2022.04.11"]
[SourceQuality "2"]

1. e4 c5 2. Nf3 d6 3. c3 Nf6 4. h3 g6 5. Bd3 Bg7 6. Bc2 e5 7. O-O O-O 8. d4
exd4 9. cxd4 cxd4 10. Nxd4 Nc6 11. Nxc6 bxc6 12. Nc3 d5 13. exd5 Nxd5 14. Nxd5
cxd5 15. Rb1 Be6 16. Re1 Rc8 17. Bf4 Rc4 18. Qd2 Qd7 19. Be5 Rxc2 20. Qxc2 Bf5
21. Qc7 Qxc7 22. Bxc7 Bxb1 23. Rxb1 Rc8 24. Bf4 Rc2 25. Rc1 Rc4 26. Be3 Bxb2
27. Rxc4 dxc4 28. Bxa7 Ba3 29. Bd4 f5 30. Kf1 Kf7 31. Ke2 Ke6 32. Bc3 Kd5 33.
f3 Kc5 34. Kd2 Kb5 35. Bd4 Bb4+ 36. Kc2 Ka4 37. Kb2 Ba5 38. Be5 Bb4 39. Bf6 Ba5
40. Be7 Kb5 41. Kc2 Be1 42. Ba3 Bg3 43. Bb2 Bd6 44. Kc3 Be5+ 45. Kc2 Bd6 46.
Bc3 Ba3 47. Kd2 Bc5 48. Ke2 Ka4 49. Bb2 Bb4 50. Kd1 Ba5 1/2-1/2

[Event "She Plays To Win 1st"]
[Site "London"]
[Date "2022.04.08"]
[Round "3.1"]
[White "Kakulidis, Ellen"]
[Black "Mar, Karmen"]
[Result "1-0"]
[WhiteElo "2107"]
[BlackElo "2003"]
[PlyCount "109"]
[EventDate "2022.04.07"]
[EventType "tourn"]
[EventRounds "9"]
[EventCountry "ENG"]
[SourceTitle "The Week in Chess 1431"]
[Source "Mark Crowther"]
[SourceDate "2022.04.11"]
[SourceVersion "1"]
[SourceVersionDate "2022.04.11"]
[SourceQuality "2"]

1. d4 d5 2. c4 c6 3. cxd5 cxd5 4. Bf4 Nc6 5. e3 Nf6 6. Bb5 Bd7 7. Nc3 a6 8. Bd3
Bg4 9. Nge2 e6 10. O-O Be7 11. f3 Bh5 12. Na4 Nd7 13. Rc1 O-O 14. a3 Bg6 15. b4
Bxd3 16. Qxd3 Re8 17. Rfd1 h6 18. Qb3 Bg5 19. Nc5 Bxf4 20. Nxf4 Nxc5 21. Rxc5
Rc8 22. Rdc1 Qd7 23. Qa4 Red8 24. Nd3 f6 25. Qb3 Ne7 26. R5c3 Rxc3 27. Rxc3 Rc8
28. Nc5 Qc6 29. a4 Kf7 30. b5 axb5 31. axb5 Qb6 32. Qa4 Ke8 33. Qc2 Kf7 34. Qd3
Ke8 35. h4 Kf7 36. h5 Qa7 37. Ra3 Qb6 38. Kf2 Qc7 39. Rc3 Qa5 40. Rc2 Qc7 41.
Rc3 Qa5 42. Ra3 Qc7 43. Ra7 Rb8 44. Qa3 Qh2 45. Rxb7 Rxb7 46. Nxb7 Nf5 47. Nd8+
Ke8 48. Nxe6 Qh4+ 49. Ke2 Ng3+ 50. Kd3 Nf5 51. Qf8+ Kd7 52. Nc5+ Kc7 53. Qf7+
Kb6 54. Qb7+ Ka5 55. Qa6+ 1-0

[Event "She Plays To Win 1st"]
[Site "London"]
[Date "2022.04.08"]
[Round "3.2"]
[White "Van Foreest, Machteld"]
[Black "Varney, Zoe"]
[Result "1/2-1/2"]
[WhiteElo "2199"]
[BlackElo "1998"]
[PlyCount "55"]
[EventDate "2022.04.07"]
[EventType "tourn"]
[EventRounds "9"]
[EventCountry "ENG"]
[SourceTitle "The Week in Chess 1431"]
[Source "Mark Crowther"]
[SourceDate "2022.04.11"]
[SourceVersion "1"]
[SourceVersionDate "2022.04.11"]
[SourceQuality "2"]

1. e4 e5 2. Nf3 Nc6 3. d4 exd4 4. Nxd4 Nf6 5. Nxc6 bxc6 6. e5 Qe7 7. Qe2 Nd5 8.
h4 Qe6 9. Nd2 a5 10. c4 Nb4 11. Nf3 Qg6 12. Nd4 c5 13. h5 Qd3 14. Qxd3 Nxd3+
15. Bxd3 cxd4 16. h6 g6 17. Rh4 c5 18. Bf4 Be7 19. Rh1 Bb7 20. f3 O-O 21. O-O-O
Ra6 22. Rde1 Re6 23. Bd2 Bd8 24. Re2 Rfe8 25. Rhe1 Bh4 26. Rh1 Bd8 27. Rhe1 Bh4
28. Rh1 1/2-1/2

[Event "She Plays To Win 1st"]
[Site "London"]
[Date "2022.04.08"]
[Round "3.3"]
[White "Goossens, Hanne"]
[Black "Vanduyfhuys, Daria"]
[Result "1-0"]
[WhiteElo "2131"]
[BlackElo "2080"]
[PlyCount "61"]
[EventDate "2022.04.07"]
[EventType "tourn"]
[EventRounds "9"]
[EventCountry "ENG"]
[SourceTitle "The Week in Chess 1431"]
[Source "Mark Crowther"]
[SourceDate "2022.04.11"]
[SourceVersion "1"]
[SourceVersionDate "2022.04.11"]
[SourceQuality "2"]

1. d4 d5 2. Nc3 Nf6 3. Bf4 e6 4. Nb5 Na6 5. e3 c6 6. Nc3 Nc7 7. a3 Be7 8. Bd3
b6 9. h4 Bb7 10. g4 h6 11. Qf3 Qd7 12. Qg3 O-O-O 13. Nf3 Bd6 14. O-O-O Nce8 15.
Ne5 Qe7 16. Be2 Nd7 17. e4 Nxe5 18. dxe5 Bb8 19. exd5 exd5 20. g5 Nc7 21. e6
fxe6 22. Rhe1 d4 23. Ne4 Na6 24. Bxb8 Nxb8 25. Bg4 c5 26. Nc3 dxc3 27. Bxe6+
Qxe6 28. Rxd8+ Rxd8 29. Rxe6 Bd5 30. Re7 Nd7 31. bxc3 1-0

[Event "She Plays To Win 1st"]
[Site "London"]
[Date "2022.04.08"]
[Round "3.4"]
[White "Santeramo, Alessia Carmen"]
[Black "Head, Louise"]
[Result "0-1"]
[WhiteElo "2160"]
[BlackElo "2015"]
[PlyCount "92"]
[EventDate "2022.04.07"]
[EventType "tourn"]
[EventRounds "9"]
[EventCountry "ENG"]
[SourceTitle "The Week in Chess 1431"]
[Source "Mark Crowther"]
[SourceDate "2022.04.11"]
[SourceVersion "1"]
[SourceVersionDate "2022.04.11"]
[SourceQuality "2"]

1. e4 c6 2. d4 d5 3. Nc3 dxe4 4. Nxe4 Nd7 5. Ng5 Ngf6 6. Bd3 e6 7. N1f3 Bd6 8.
Qe2 h6 9. Ne4 Nxe4 10. Qxe4 Qc7 11. O-O b6 12. Qg4 Kf8 13. b3 Bb7 14. Re1 Nf6
15. Qh3 Nd5 16. Ne5 Bb4 17. Bb2 Bxe1 18. Rxe1 Kg8 19. Qg4 h5 20. Qh4 Qe7 21.
Qg3 h4 22. Qg4 Nf6 23. Qh3 c5 24. dxc5 bxc5 25. Ng4 Nd5 26. Be4 Rd8 27. Qf3 Qg5
28. c4 f5 29. Ne5 fxe4 30. Qf7+ Kh7 31. Qxb7 Nf6 32. Kf1 Qf5 33. Ng4 e5 34.
Bxe5 Qxg4 35. Bxf6 Rd7 36. Qc6 gxf6 37. h3 Qf5 38. Rxe4 Rhd8 39. Rxh4+ Kg7 40.
Rg4+ Kf7 41. g3 Rd2 42. Rf4 Qxh3+ 43. Ke1 Qe6+ 44. Qxe6+ Kxe6 45. Re4+ Kf7 46.
Rh4 Rxa2 0-1